| 000 | 00565nam a2200229Ia 4500 | ||
|---|---|---|---|
| 003 | OSt | ||
| 005 | 20220928121428.0 | ||
| 006 | a|||||r|||| 00| 0 | ||
| 007 | ta | ||
| 008 | 220927b |||||||| |||| 00| 0 eng d | ||
| 024 | _a75741 | ||
| 037 | _cTextual | ||
| 040 |
_aSDCL _cSDCL _beng |
||
| 041 |
_2eng _aeng |
||
| 082 | _aQ7y7M17, L1 | ||
| 100 |
_aBalyuzi H M _9395875 |
||
| 245 | 0 | _aAbdul -Baha . | |
| 260 |
_aLondon _b#NAME? _c1971 |
||
| 300 |
_axiii ,560p _ccm. |
||
| 942 |
_hQ7y7M17, L1 _cTEXL _2CC |
||
| 999 |
_c766212 _d766212 |
||